00782nam a2200229Ii 45000010005000000030009000050080041000140200015000550400033000700410008001030820013001111000029001242450038001532640063001913000012002543360026002663370028002923380027003209400050003479990017003979520138004143759CO-ViMGA241108s9999||||xx |||||||||||||| ||und|| a8428311110 aCO-ViMGAbspaerdacCO-ViMGA0 aunk04a445 N6631 aNicoulin, Maurice95640610aConjugación de verbos franceses 1a[Lugar de publicación no identificado] : Paraninfo, 1981 avolumen atextbtxt2rdacontent aunmediatedbn2rdamedia avolumebnc2rdacarrier aidficha_siabuc: 3670. -- ficha_no_siabuc:3759 c54362d54362 001040708001aMEVIGERRbMEVIGERRcGENd2006-11-27hVol.1o445 N663pECA652r2024-11-26 10:41:22tEj.1w2024-11-26yBKz3670 | 5406